Free in the Answers - Statistics

General Stats
  • This quiz has been taken 51,675 times
    19,196 since last reset
  • The average score is 12 of 20
Answer Stats
Clue Answer % Correct
Freedom to say what one wants Free speech
96%
Movie about a boy and a killer whale Free Willy
83%
Road without traffic lights or stop signs Freeway
74%
Swimming event Freestyle
69%
To escape punishment is to get off ... Scot free
69%
Player who is free to sign with any team Free agent
67%
Capitalist system Free market
67%
Secret society that actually controls everything Freemasonry
65%
Method of farming where animals roam freely Free range
64%
Capital of Sierra Leone Freetown
62%
Store found at international borders Duty free
60%
Shaq's greatest weakness Free throws
54%
To work on a contract basis Freelance
51%
There's no such thing as a ... Free lunch
49%
Song by Tom Petty Free Fallin'
47%
Polyamory Free love
47%
Lack of tariffs Free trade
47%
Oft-requested song at concerts Free Bird
44%
Independence movement to undo a 1950 China annexation Free Tibet
40%
Antioxidant's enemy Free radicals
35%
No matching quizzes found
Score Distribution
Percent of People with Each Score
Percentile by Number Answered
Your Score History
You have not taken this quiz since the last reset